<?xml version='1.0' encoding='UTF-8'?><?xml-stylesheet href='static/style.xsl' type='text/xsl'?><OAI-PMH xmlns="http://www.openarchives.org/OAI/2.0/" xmlns:xsi="http://www.w3.org/2001/XMLSchema-instance" xsi:schemaLocation="http://www.openarchives.org/OAI/2.0/ http://www.openarchives.org/OAI/2.0/OAI-PMH.xsd"><responseDate>2026-04-30T15:02:05Z</responseDate><request verb="GetRecord" identifier="oai:ebiltegia.mondragon.edu:20.500.11984/3987" metadataPrefix="marc">https://ebiltegia.mondragon.edu/oai/request</request><GetRecord><record><header><identifier>oai:ebiltegia.mondragon.edu:20.500.11984/3987</identifier><datestamp>2024-01-04T21:56:52Z</datestamp><setSpec>com_20.500.11984_1736</setSpec><setSpec>com_20.500.11984_1627</setSpec><setSpec>col_20.500.11984_1972</setSpec></header><metadata><record xmlns="http://www.loc.gov/MARC21/slim" xmlns:dcterms="http://purl.org/dc/terms/" xmlns:xsi="http://www.w3.org/2001/XMLSchema-instance" xmlns:doc="http://www.lyncode.com/xoai" xsi:schemaLocation="http://www.loc.gov/MARC21/slim http://www.loc.gov/standards/marcxml/schema/MARC21slim.xsd">
   <leader>00925njm 22002777a 4500</leader>
   <datafield ind2=" " ind1=" " tag="042">
      <subfield code="a">dc</subfield>
   </datafield>
   <datafield ind2=" " ind1=" " tag="720">
      <subfield code="a">Mondragon Unibertsitatea</subfield>
      <subfield code="e">author</subfield>
   </datafield>
   <datafield ind2=" " ind1=" " tag="260">
      <subfield code="c">2014-09-05</subfield>
   </datafield>
   <datafield ind2=" " ind1=" " tag="520">
      <subfield code="a">EUR-ACE® zigilua European Network for the Accreditation of Engineering Education-el (ENAEE) unibertsitate bati ematen dion ziurtagiria da, definitutako hainbat estandarren bidez ebaluatzen den graduko edo masterreko Ingeniaritza bati dagokiona, kalitate, garrantzi, gardentasun, errekonozimendu eta mugikortasun printzipioei jarraituta, Europako Goi mailako Hezkuntza Eremuan jasotakoaren arabera.&#xd;
&#xd;
EUR-ACE® zigilua ENAEEk nazioko eta nazioarteko agentzien bidez kudeatzen du eta nazioarteko aitorpena du. Bere helburua Europan eta fronteretatik haratago aurki daitezkeen maila altuko ingeniaritza programak identifikatzea da, zeinak mugikortasun akademikoa eta profesionala errazten duen.</subfield>
   </datafield>
   <datafield ind2=" " ind1=" " tag="520">
      <subfield code="a">El sello EUR-ACE® es un certificado concedido por una agencia autorizada por la European Network for the Accreditation of Engineering Education (ENAEE) a una universidad respecto a un título de Ingeniería de grado o máster evaluado según una serie de estándares definidos, de acuerdo con los principios de calidad, relevancia, transparencia, reconocimiento y movilidad contemplados en el Espacio Europeo de Educación Superior.&#xd;
&#xd;
El sello EUR-ACE® se gestiona desde la ENAEE a través de agencias nacionales y está internacionalmente reconocido. Su objetivo identificar programas de Ingeniería de alta calidad en Europa y más allá de sus fronteras, lo que facilita la movilidad académica y profesional.</subfield>
   </datafield>
   <datafield ind1="8" ind2=" " tag="024">
      <subfield code="a">https://hdl.handle.net/20.500.11984/3987</subfield>
   </datafield>
   <datafield tag="653" ind2=" " ind1=" ">
      <subfield code="a">Goi Eskola Politeknikoa</subfield>
   </datafield>
   <datafield tag="653" ind2=" " ind1=" ">
      <subfield code="a">Escuela Politécnica Superior</subfield>
   </datafield>
   <datafield ind2="0" ind1="0" tag="245">
      <subfield code="a">MUk EUR-ACE nazioarteko egiaztagiria lortu du ingeniaritza mekanikoan</subfield>
   </datafield>
   <datafield ind2="0" ind1="0" tag="245">
      <subfield code="a">MU consigue la acreditación internacional EUR-ACE en ingeniería mecánica</subfield>
   </datafield>
</record></metadata></record></GetRecord></OAI-PMH>